Śródmieście czy Wola. Warszawa. - Statystyki

Ogólne statystyki
  • Ten quiz został rozwiązany 27 razy
  • Średni wynik to 13 z 16
Statystyki odpowiedzi
Zagadnienie Odpowiedź % Poprawnych
Stare Miasto Śródmieście
100%
Śródmieście Południowe Śródmieście
96%
Śródmieście Północne Śródmieście
92%
Powiśle Śródmieście
92%
Ujazdów Śródmieście
88%
Młynów Wola
88%
Ulrychów Wola
88%
Koło Wola
85%
Nowe Miasto Śródmieście
81%
Mirów Wola
81%
Odolany Wola
81%
Czyste Wola
81%
Powązki Wola
77%
Solec Śródmieście
73%
Muranów Śródmieście
69%
Nowolipki Wola
62%
Nie znaleziono quizów pasujących do podanych kryteriów
Rozkład punktacji
Procent ludzi z każdym wynikiem
Percentyl według liczby udzielonych odpowiedzi
Twoja historia wyników
Nie rozwiązałeś tego quizu